000 00677nam a2200229 i 4500
001 135612
003 ES-MaACL
005 20240430132831.0
007 t|
008 070720s1977 sp ||||1| cat d
080 _a849.9-14"19"
100 0 _aTorres, Màrius.
_9110907
245 1 0 _aPoesies /
_cMáarius Torres ; práolrg de Pere Gimferrer.
250 _a[5ª ed.].
260 _aBarcelona :
_bAriel,
_c[1977]
300 _a318 p., 4 h. ;
_c20 cm.
490 1 _aClásicos Catalans Ariel ;
_v3
700 0 _aGimferrer, Pere,
_d1945-
_957102
830 0 _aClásicos Catalans Ariel ;
_v3
_9219931
852 _aES-MaACL
_jA-7237
_bR.96251
999 _c135612
_d135612